[Event "Wolrd Chess Olympiad 2018"]
[Site "Batumi"]
[Date "2018.10.04"]
[Round "10"]
[Board "4"]
[WhiteFideId "10700200"]
[White "Bateman Kerry"]
[BlackFideId "21300550"]
[Black "Theko Khanyapa"]
[Result "1-0"]
[LiveChessVersion "1.4.8"]
[BlackElo "1655"]
[WhiteElo "1710"]

1. e4 {[%clk 1:30:53]} e5 {[%clk 1:30:54]} 2. Nf3 {[%clk 1:31:17]} Nf6
{[%clk 1:31:17]} 3. Nxe5 {[%clk 1:31:37]} d6 {[%clk 1:31:09]} 4. Nf3
{[%clk 1:32:01]} Nxe4 {[%clk 1:31:21]} 5. Qe2 {[%clk 1:32:05]} Qe7
{[%clk 1:31:25]} 6. d3 {[%clk 1:32:05]} Nf6 {[%clk 1:31:05]} 7. Bg5
{[%clk 1:32:05]} Qxe2+ {[%clk 1:30:07]} 8. Bxe2 {[%clk 1:32:22]} Be7
{[%clk 1:30:16]} 9. O-O {[%clk 1:31:57]} h6 {[%clk 1:30:35]} 10. Bd2
{[%clk 1:32:11]} O-O {[%clk 1:30:40]} 11. c4 {[%clk 1:30:31]} Re8
{[%clk 1:26:47]} 12. Re1 {[%clk 1:30:43]} Nc6 {[%clk 1:27:02]} 13. Nc3
{[%clk 1:30:18]} a6 {[%clk 1:26:53]} 14. Rac1 {[%clk 1:30:07]} Bf5
{[%clk 1:27:00]} 15. Nd5 {[%clk 1:25:17]} Bd8 {[%clk 1:26:30]} 16. Bf1
{[%clk 1:21:46]} Ne5 {[%clk 1:23:02]} 17. Nxe5 {[%clk 1:20:55]} dxe5
{[%clk 1:22:41]} 18. Bc3 {[%clk 1:13:21]} Nd7 {[%clk 1:15:49]} 19. Ne3
{[%clk 1:10:52]} Bg6 {[%clk 1:16:01]} 20. Ng4 {[%clk 1:10:27]} f6
{[%clk 1:16:03]} 21. b4 {[%clk 1:03:22]} c6 {[%clk 1:11:54]} 22. g3
{[%clk 0:59:36]} Bb6 {[%clk 1:10:04]} 23. c5 {[%clk 0:59:01]} Bc7
{[%clk 1:10:03]} 24. Rcd1 {[%clk 0:57:58]} Bh5 {[%clk 1:08:39]} 25. Be2
{[%clk 0:57:26]} Rad8 {[%clk 1:01:32]} 26. Nxh6+ {[%clk 0:57:22]} gxh6
{[%clk 1:01:10]} 27. Bxh5 {[%clk 0:57:43]} Re7 {[%clk 1:00:37]} 28. d4
{[%clk 0:54:09]} Nf8 {[%clk 0:59:47]} 29. Bf3 {[%clk 0:48:36]} Ne6
{[%clk 0:59:56]} 30. d5 {[%clk 0:46:59]} Ng5 {[%clk 0:59:27]} 31. Bg2
{[%clk 0:47:15]} cxd5 {[%clk 0:57:23]} 32. Bxd5+ {[%clk 0:45:29]} Rxd5
{[%clk 0:56:43]} 33. Rxd5 {[%clk 0:45:25]} Nf3+ {[%clk 0:56:59]} 34. Kf1
{[%clk 0:45:48]} Nxe1 {[%clk 0:56:48]} 35. Kxe1 {[%clk 0:46:12]} Kf7
{[%clk 0:57:08]} 36. Ke2 {[%clk 0:44:49]} Ke6 {[%clk 0:57:28]} 37. Rd3
{[%clk 0:44:57]} h5 {[%clk 0:57:00]} 38. Rf3 {[%clk 0:41:21]} f5 {[%clk 0:55:57]}
39. Re3 {[%clk 0:38:00]} Re8 {[%clk 0:55:00]} 40. Bxe5 {[%clk 1:02:16]} Bxe5
{[%clk 1:22:26]} 41. f4 {[%clk 1:02:37]} Rg8 {[%clk 1:21:00]} 42. Rxe5+
{[%clk 1:02:30]} Kf6 {[%clk 1:17:11]} 43. a4 {[%clk 0:53:26]} h4 {[%clk 1:16:33]}
44. Kf3 {[%clk 0:50:58]} hxg3 {[%clk 1:12:15]} 45. hxg3 {[%clk 0:51:01]} Rd8
{[%clk 1:11:28]} 46. b5 {[%clk 0:44:13]} axb5 {[%clk 1:10:36]} 47. axb5
{[%clk 0:44:07]} Rd3+ {[%clk 1:09:36]} 48. Kf2 {[%clk 0:37:24]} Rb3
{[%clk 1:09:04]} 49. b6 {[%clk 0:36:26]} Rc3 {[%clk 1:08:42]} 50. Rd5
{[%clk 0:35:21]} Ke6 {[%clk 1:08:08]} 51. Rd6+ {[%clk 0:31:33]} Ke7
{[%clk 1:06:47]} 52. Rh6 {[%clk 0:24:26]} Rxc5 {[%clk 1:06:54]} 53. Rh7+
{[%clk 0:24:39]} Kd6 {[%clk 1:06:37]} 54. Rxb7 {[%clk 0:24:40]} Rb5
{[%clk 1:02:07]} 55. Rf7 {[%clk 0:19:18]} Ke6 {[%clk 1:01:47]} 56. Rh7
{[%clk 0:18:19]} Kd5 {[%clk 1:02:01]} 57. Rb7 {[%clk 0:15:21]} Rb2+
{[%clk 1:01:55]} 58. Kf3 {[%clk 0:14:36]} Rb3+ {[%clk 1:01:58]} 59. Kg2
{[%clk 0:12:49]} Rb1 {[%clk 1:01:22]} 60. Rb8 {[%clk 0:12:32]} Kd6
{[%clk 0:58:12]} 61. b7 {[%clk 0:11:16]} Kc7 {[%clk 0:56:22]} 62. Rf8
{[%clk 0:10:50]} Kxb7 {[%clk 0:55:13]} 63. Rxf5 {[%clk 0:11:01]} Kc7
{[%clk 0:54:37]} 64. Rd5 {[%clk 0:10:43]} Kc6 {[%clk 0:54:35]} 65. Rd3
{[%clk 0:10:47]} Rb8 {[%clk 0:54:11]} 66. g4 {[%clk 0:10:31]} Re8
{[%clk 0:54:12]} 67. Kf3 {[%clk 0:10:18]} Re1 {[%clk 0:54:13]} 68. g5
{[%clk 0:10:33]} Rg1 {[%clk 0:54:19]} 69. Ke4 {[%clk 0:10:31]} 1-0

[Event "Wolrd Chess Olympiad 2018"]
[Site "Batumi"]
[Date "2018.10.04"]
[Round "10"]
[Board "1"]
[WhiteFideId "22400052"]
[White "Gadeanang Andrew"]
[BlackFideId "20300166"]
[Black "Ntamatungiro Wilfried"]
[Result "1-0"]
[LiveChessVersion "1.4.8"]
[BlackElo "1765"]
[WhiteElo "1551"]

1. d4 {[%clk 1:30:44]} Nf6 {[%clk 1:30:52]} 2. c4 {[%clk 1:31:07]} e6
{[%clk 1:30:57]} 3. Nc3 {[%clk 1:31:30]} Bb4 {[%clk 1:31:19]} 4. Nf3 Bxc3+ 5.
bxc3 {[%clk 1:28:39]} d5 {[%clk 1:31:34]} 6. e3 {[%clk 1:28:56]} O-O
{[%clk 1:31:36]} 7. Bd3 {[%clk 1:29:19]} dxc4 {[%clk 1:31:22]} 8. Bxc4
{[%clk 1:29:36]} c5 {[%clk 1:31:35]} 9. O-O {[%clk 1:29:34]} Qc7 {[%clk 1:31:28]}
10. Bd3 {[%clk 1:29:16]} b6 {[%clk 1:31:29]} 11. h3 {[%clk 1:26:07]} Bb7
{[%clk 1:31:44]} 12. Bb2 {[%clk 1:24:38]} c4 {[%clk 1:31:36]} 13. Bc2
{[%clk 1:22:44]} Nbd7 {[%clk 1:31:49]} 14. Rc1 {[%clk 1:21:22]} Rfd8
{[%clk 1:29:02]} 15. Qe2 {[%clk 1:21:16]} Ne4 {[%clk 1:28:24]} 16. Rfe1
{[%clk 1:17:59]} Ndf6 {[%clk 1:28:26]} 17. Nd2 {[%clk 1:15:43]} b5
{[%clk 1:23:01]} 18. f3 {[%clk 1:14:31]} Nxd2 {[%clk 1:22:19]} 19. Qxd2
{[%clk 1:14:45]} Qg3 {[%clk 1:20:42]} 20. Qf2 {[%clk 1:14:53]} Qc7
{[%clk 1:20:01]} 21. e4 {[%clk 1:13:25]} e5 {[%clk 1:18:32]} 22. d5
{[%clk 1:13:29]} Qd6 {[%clk 1:17:06]} 23. Rcd1 {[%clk 1:13:03]} a5
{[%clk 1:16:15]} 24. Bc1 {[%clk 1:12:21]} Nd7 {[%clk 1:15:34]} 25. Kh1
{[%clk 1:10:04]} b4 {[%clk 1:09:29]} 26. Be3 {[%clk 1:06:19]} Rac8
{[%clk 1:06:28]} 27. Rb1 {[%clk 1:06:02]} Ba6 {[%clk 1:05:13]} 28. Ba4
{[%clk 1:05:16]} Rb8 {[%clk 0:52:20]} 29. Bxd7 {[%clk 1:05:08]} Rxd7
{[%clk 0:50:27]} 30. Bc5 {[%clk 1:05:20]} Qc7 {[%clk 0:50:36]} 31. cxb4
{[%clk 1:05:35]} axb4 {[%clk 0:50:24]} 32. Bxb4 {[%clk 1:05:46]} Rc8
{[%clk 0:48:16]} 33. Rec1 {[%clk 1:05:16]} Qd8 {[%clk 0:47:02]} 34. a3
{[%clk 1:05:20]} f5 35. Bc3 {[%clk 1:05:25]} fxe4 {[%clk 0:44:08]} 36. fxe4
{[%clk 1:05:33]} Qe7 {[%clk 0:36:08]} 37. Qg3 {[%clk 1:04:04]} Re8
{[%clk 0:31:25]} 38. Rf1 {[%clk 1:03:57]} g6 {[%clk 0:08:04]} 39. Rb6
{[%clk 1:03:09]} Ra7 {[%clk 0:00:36]} 40. Re6 {[%clk 1:03:23]} Qd8
{[%clk 0:00:00]} 1-0

[Event "Wolrd Chess Olympiad 2018"]
[Site "Batumi"]
[Date "2018.10.04"]
[Round "10"]
[Board "3"]
[WhiteFideId "22400117"]
[White "Taleka Jed Selu"]
[BlackFideId "20300034"]
[Black "Ntagasigumwami Deo"]
[Result "0-1"]
[LiveChessVersion "1.4.8"]
[BlackElo "1720"]
[WhiteElo "1723"]

1. e4 {[%clk 1:30:36]} e5 {[%clk 1:30:45]} 2. Bc4 {[%clk 1:30:59]} Nf6
{[%clk 1:30:03]} 3. Nc3 {[%clk 1:30:22]} Bc5 {[%clk 1:28:53]} 4. h3
{[%clk 1:29:53]} O-O {[%clk 1:27:57]} 5. d3 {[%clk 1:30:17]} h6 {[%clk 1:28:19]}
6. Na4 {[%clk 1:30:22]} Bb4+ {[%clk 1:27:24]} 7. Bd2 {[%clk 1:29:43]} Bxd2+
{[%clk 1:27:20]} 8. Qxd2 {[%clk 1:30:03]} c6 {[%clk 1:25:55]} 9. Nc3
{[%clk 1:30:22]} a5 {[%clk 1:24:25]} 10. a3 {[%clk 1:30:42]} b5 {[%clk 1:23:40]}
11. Ba2 {[%clk 1:31:09]} Qb6 {[%clk 1:21:53]} 12. Nce2 {[%clk 1:31:22]} d6
{[%clk 1:16:58]} 13. f4 {[%clk 1:30:38]} Be6 {[%clk 1:13:47]} 14. Bxe6
{[%clk 1:29:55]} fxe6 {[%clk 1:14:15]} 15. fxe5 {[%clk 1:30:00]} dxe5
{[%clk 1:14:12]} 16. Nf3 {[%clk 1:30:08]} Nbd7 {[%clk 1:12:15]} 17. Qc3
{[%clk 1:26:26]} Qc7 {[%clk 1:05:43]} 18. Qb3 {[%clk 1:26:49]} Qd6
{[%clk 1:03:40]} 19. O-O Nc5 {[%clk 0:59:11]} 20. Qc3 {[%clk 1:00:29]} Nfd7
{[%clk 0:57:00]} 21. Rad1 {[%clk 0:59:09]} Na4 {[%clk 0:55:57]} 22. Qb3
{[%clk 0:58:39]} Ndc5 {[%clk 0:52:52]} 23. Qa2 {[%clk 0:57:51]} Rae8
{[%clk 0:48:12]} 24. b4 {[%clk 0:56:06]} axb4 {[%clk 0:47:51]} 25. axb4
{[%clk 0:56:21]} Nd7 {[%clk 0:47:16]} 26. c4 {[%clk 0:56:28]} Qxb4
{[%clk 0:44:36]} 27. cxb5 {[%clk 0:54:58]} cxb5 {[%clk 0:42:32]} 28. Kh1
{[%clk 0:53:44]} Qb2 {[%clk 0:38:35]} 29. Qb1 {[%clk 0:52:43]} Qxe2
{[%clk 0:32:33]} 30. Qxb5 {[%clk 0:52:58]} Nc3 {[%clk 0:30:38]} 31. Qb3
{[%clk 0:50:39]} Nxd1 {[%clk 0:29:55]} 32. Qxd1 {[%clk 0:50:56]} Qxd1
{[%clk 0:29:58]} 33. Rxd1 {[%clk 0:51:24]} Rc8 {[%clk 0:29:43]} 34. Ra1
{[%clk 0:51:48]} Rc3 {[%clk 0:29:24]} 35. Ra6 {[%clk 0:51:01]} Kf7
{[%clk 0:28:53]} 36. Rd6 {[%clk 0:51:17]} Ke7 {[%clk 0:29:02]} 37. Ra6
{[%clk 0:50:52]} Rxd3 {[%clk 0:29:09]} 38. Ra7 {[%clk 0:50:17]} Kf6
{[%clk 0:29:11]} 0-1

[Event "Wolrd Chess Olympiad 2018"]
[Site "Batumi"]
[Date "2018.10.04"]
[Round "10"]
[Board "1"]
[WhiteFideId "9200711"]
[White "Alharari Mohammed Alsouri"]
[BlackFideId "31900232"]
[Black "Guterres Luis"]
[Result "1-0"]
[LiveChessVersion "1.4.8"]
[BlackElo "1779"]
[WhiteElo "2038"]

1. d4 {[%clk 1:30:59]} d5 {[%clk 1:30:30]} 2. Nf3 {[%clk 1:31:26]} Nf6
{[%clk 1:30:06]} 3. Bf4 {[%clk 1:31:53]} e6 {[%clk 1:29:21]} 4. e3
{[%clk 1:32:20]} Bd6 {[%clk 1:28:03]} 5. Ne5 {[%clk 1:32:18]} Bd7
{[%clk 1:25:40]} 6. c3 {[%clk 1:32:40]} Bxe5 {[%clk 1:23:37]} 7. dxe5
{[%clk 1:31:12]} Ng8 {[%clk 1:20:59]} 8. Qg4 {[%clk 1:31:05]} g6 {[%clk 1:19:47]}
9. Bd3 {[%clk 1:31:02]} Nc6 {[%clk 1:14:14]} 10. Nd2 {[%clk 1:27:53]} Nce7
{[%clk 1:13:31]} 11. O-O {[%clk 1:22:24]} c6 {[%clk 1:10:28]} 12. e4
{[%clk 1:19:51]} Qc7 {[%clk 1:08:13]} 13. Qf3 {[%clk 1:17:34]} O-O-O
{[%clk 1:04:18]} 14. c4 {[%clk 1:15:39]} Kb8 {[%clk 1:04:39]} 15. cxd5
{[%clk 1:09:33]} cxd5 {[%clk 1:04:51]} 16. exd5 {[%clk 1:01:47]} Nxd5
{[%clk 1:05:05]} 17. Rac1 {[%clk 0:54:48]} Bc6 {[%clk 1:03:50]} 18. Bb5
{[%clk 0:52:23]} a6 {[%clk 1:01:44]} 19. Bxc6 {[%clk 0:52:37]} bxc6
{[%clk 1:02:02]} 20. Bg3 {[%clk 0:49:36]} Nge7 {[%clk 1:01:53]} 21. Qxf7
{[%clk 0:48:30]} Qd7 {[%clk 1:01:26]} 22. Qf3 {[%clk 0:48:50]} Rhf8
{[%clk 0:55:53]} 23. Qe2 {[%clk 0:48:24]} Nb4 {[%clk 0:51:42]} 24. Ne4
{[%clk 0:40:30]} Qd3 {[%clk 0:51:03]} 25. Qxd3 {[%clk 0:39:11]} Rxd3
{[%clk 0:50:47]} 26. a3 {[%clk 0:38:33]} Nbd5 {[%clk 0:50:38]} 27. Nc5
{[%clk 0:38:56]} Rd2 {[%clk 0:49:59]} 28. Nd7+ {[%clk 0:39:14]} Kc7
{[%clk 0:50:02]} 29. Nxf8 {[%clk 0:39:36]} Rxb2 30. Nxe6+ Kb6 {[%clk 0:49:16]}
31. Rb1 {[%clk 0:39:51]} Rxb1 32. Rxb1+ Ka5 {[%clk 0:48:41]} 33. Nd4
{[%clk 0:39:44]} c5 {[%clk 0:47:34]} 34. Nb3+ {[%clk 0:39:52]} Kb5
{[%clk 0:47:43]} 35. Nd2+ {[%clk 0:39:03]} Kc6 {[%clk 0:45:33]} 36. f3
{[%clk 0:39:09]} a5 {[%clk 0:45:49]} 37. Bf2 {[%clk 0:39:34]} Nf5
{[%clk 0:45:41]} 38. Rc1 {[%clk 0:39:48]} Nfe3 {[%clk 0:45:59]} 39. Bxe3
{[%clk 0:40:04]} Nxe3 {[%clk 0:46:15]} 40. Kf2 {[%clk 0:40:05]} Nf5
{[%clk 0:43:01]} 41. Ne4 {[%clk 0:40:20]} 1-0

[Event "Wolrd Chess Olympiad 2018"]
[Site "Batumi"]
[Date "2018.10.04"]
[Round "10"]
[Board "2"]
[WhiteFideId "31900097"]
[White "Fernandes Tomas"]
[BlackFideId "9202609"]
[Black "Abo Moliana Montasar"]
[Result "0-1"]
[LiveChessVersion "1.4.8"]
[BlackElo "1993"]
[WhiteElo "1627"]

1. f4 {[%clk 1:30:39]} d5 {[%clk 1:30:47]} 2. Nf3 {[%clk 1:30:57]} Nf6
{[%clk 1:30:49]} 3. d4 {[%clk 1:31:06]} g6 {[%clk 1:30:45]} 4. e3
{[%clk 1:31:23]} Bg7 {[%clk 1:31:09]} 5. Bd3 {[%clk 1:31:43]} O-O
{[%clk 1:31:31]} 6. O-O b6 7. Qe1 {[%clk 1:29:53]} c5 {[%clk 1:31:09]} 8. c3
{[%clk 1:30:18]} Ba6 {[%clk 1:31:07]} 9. Ne5 {[%clk 1:30:04]} Bxd3
{[%clk 1:31:05]} 10. Nxd3 {[%clk 1:30:31]} Nbd7 {[%clk 1:30:15]} 11. Nd2
{[%clk 1:29:27]} Qc7 {[%clk 1:30:07]} 12. Nf3 {[%clk 1:29:27]} Ne4
{[%clk 1:29:57]} 13. Qe2 {[%clk 1:28:13]} e6 {[%clk 1:29:59]} 14. Kh1
{[%clk 1:27:15]} c4 {[%clk 1:28:34]} 15. Nde5 {[%clk 1:26:07]} f6
{[%clk 1:24:27]} 16. Ng4 {[%clk 1:24:22]} f5 {[%clk 1:24:45]} 17. Nge5
{[%clk 1:23:54]} Nxe5 {[%clk 1:25:03]} 18. fxe5 {[%clk 1:22:41]} Rab8
{[%clk 1:13:59]} 19. Bd2 {[%clk 1:22:41]} b5 {[%clk 1:12:32]} 20. Be1
{[%clk 1:22:49]} a5 {[%clk 1:10:01]} 21. a3 {[%clk 1:22:40]} Rb7 {[%clk 1:08:44]}
22. Rb1 {[%clk 1:22:46]} Rfb8 {[%clk 1:08:54]} 23. Ng1 {[%clk 1:23:07]} Bf8
{[%clk 1:08:42]} 24. Nh3 {[%clk 1:23:17]} b4 {[%clk 1:06:00]} 25. axb4
{[%clk 1:22:59]} axb4 {[%clk 1:06:21]} 26. cxb4 {[%clk 1:22:55]} Bxb4
{[%clk 1:06:40]} 27. Bxb4 {[%clk 1:22:06]} Rxb4 {[%clk 1:06:59]} 28. g4
{[%clk 1:22:34]} Nc3 {[%clk 1:05:45]} 29. bxc3 {[%clk 1:20:58]} Rxb1
{[%clk 1:06:05]} 30. gxf5 {[%clk 1:20:51]} R8b2 {[%clk 1:04:22]} 31. Qf3
{[%clk 1:20:31]} Rxf1+ {[%clk 1:03:18]} 32. Qxf1 {[%clk 1:20:59]} Qb7
{[%clk 1:03:28]} 33. Ng1 {[%clk 1:21:20]} gxf5 {[%clk 1:03:13]} 34. Qf4
{[%clk 1:21:17]} Qg7 {[%clk 1:03:19]} 35. Qf1 {[%clk 1:20:30]} Qg6
{[%clk 1:03:41]} 36. Ne2 {[%clk 1:20:02]} f4 {[%clk 1:02:29]} 37. Nxf4
{[%clk 1:19:41]} Qe4+ {[%clk 1:02:49]} 38. Ng2 {[%clk 1:20:03]} Rb1
{[%clk 1:03:10]} 39. Kg1 {[%clk 1:19:31]} Rxf1+ {[%clk 1:03:29]} 40. Kxf1 Qc2 41.
Nf4 Qxc3 42. Kf2 {[%clk 1:18:52]} Qd2+ {[%clk 1:03:43]} 43. Kf3 c3 44. Nxe6
{[%clk 1:48:42]} c2 {[%clk 1:34:04]} 45. Nf4 {[%clk 1:48:56]} c1=Q
{[%clk 1:34:25]} 46. e6 {[%clk 1:49:14]} Qh1+ {[%clk 1:34:38]} 47. Kg4
{[%clk 1:49:42]} Qxe3 {[%clk 1:33:51]} 0-1

[Event "Wolrd Chess Olympiad 2018"]
[Site "Batumi"]
[Date "2018.10.04"]
[Round "10"]
[Board "3"]
[WhiteFideId "9205365"]
[White "Naser Eldean Ahmed"]
[BlackFideId "31900291"]
[Black "dos Reis Tito"]
[Result "0-1"]
[LiveChessVersion "1.4.8"]
[BlackElo "1627"]
[WhiteElo "1906"]

1. e4 {[%clk 1:30:54]} e5 {[%clk 1:31:10]} 2. Bc4 {[%clk 1:31:18]} Nf6
{[%clk 1:30:49]} 3. d3 {[%clk 1:31:44]} h6 {[%clk 1:30:34]} 4. a3
{[%clk 1:32:03]} Bc5 {[%clk 1:30:20]} 5. Nf3 {[%clk 1:32:18]} Nc6
{[%clk 1:30:09]} 6. c3 {[%clk 1:32:32]} d6 {[%clk 1:30:23]} 7. h3
{[%clk 1:32:58]} a6 {[%clk 1:29:58]} 8. Bb3 {[%clk 1:33:16]} Bd7 {[%clk 1:29:47]}
9. Nbd2 {[%clk 1:33:37]} Ne7 {[%clk 1:29:20]} 10. d4 {[%clk 1:32:50]} exd4
{[%clk 1:29:32]} 11. cxd4 {[%clk 1:33:16]} Bb6 {[%clk 1:29:39]} 12. O-O
{[%clk 1:33:42]} c6 {[%clk 1:28:03]} 13. Re1 {[%clk 1:34:02]} Bc7
{[%clk 1:24:53]} 14. e5 {[%clk 1:32:45]} dxe5 {[%clk 1:24:34]} 15. dxe5
{[%clk 1:33:12]} Nfd5 {[%clk 1:24:23]} 16. Ne4 {[%clk 1:33:22]} Be6
{[%clk 1:24:24]} 17. Nc5 {[%clk 1:33:18]} Qc8 {[%clk 1:24:14]} 18. Nxe6
{[%clk 1:33:25]} fxe6 {[%clk 1:24:20]} 19. Nh4 {[%clk 1:32:36]} g6
{[%clk 1:21:50]} 20. Qg4 {[%clk 1:32:52]} Kd7 {[%clk 1:21:15]} 21. Nf3
{[%clk 1:32:06]} Bb6 {[%clk 1:21:20]} 22. Be3 {[%clk 1:31:23]} Bxe3
{[%clk 1:21:26]} 23. fxe3 {[%clk 1:31:42]} Qg8 {[%clk 1:21:41]} 24. e4
{[%clk 1:31:18]} Nc7 {[%clk 1:21:09]} 25. Nd4 {[%clk 1:31:32]} h5
{[%clk 1:20:42]} 26. Qg5 {[%clk 1:31:11]} Re8 {[%clk 1:20:45]} 27. Rad1
{[%clk 1:30:44]} Kc8 {[%clk 1:20:29]} 28. Qc1 {[%clk 1:30:54]} g5
{[%clk 1:20:31]} 29. Qc4 {[%clk 1:30:36]} Ng6 {[%clk 1:20:33]} 30. Qb4
{[%clk 1:28:25]} Nxe5 {[%clk 1:20:16]} 31. Nf5 {[%clk 1:28:36]} Nf7
{[%clk 1:19:26]} 32. Ne7+ {[%clk 1:28:46]} Rxe7 {[%clk 1:19:30]} 33. Qxe7
{[%clk 1:29:12]} Ne5 {[%clk 1:18:50]} 34. Rd6 {[%clk 1:29:11]} Kb8
{[%clk 1:10:41]} 35. Bxe6 {[%clk 1:26:25]} Nxe6 {[%clk 1:10:19]} 36. Qxe6
{[%clk 1:26:35]} Qxe6 {[%clk 1:08:08]} 37. Rxe6 {[%clk 1:27:01]} Nd3
{[%clk 1:08:20]} 38. Re2 {[%clk 1:26:40]} Nf4 {[%clk 1:08:29]} 39. Rd6
{[%clk 1:26:33]} Nxe2+ {[%clk 1:38:39]} 40. Kf2 {[%clk 1:57:00]} Nf4
{[%clk 1:38:33]} 41. Kg1 {[%clk 1:56:00]} Re8 {[%clk 1:38:33]} 42. g3
{[%clk 1:55:59]} Nxh3+ {[%clk 1:38:43]} 43. Kg2 {[%clk 1:56:25]} g4
{[%clk 1:38:57]} 44. Rh6 {[%clk 1:56:36]} Re5 {[%clk 1:39:11]} 45. b4
{[%clk 1:56:42]} Kc7 {[%clk 1:39:00]} 46. Rh7+ {[%clk 1:56:45]} Kb6
{[%clk 1:39:10]} 47. a4 {[%clk 1:57:06]} a5 {[%clk 1:39:03]} 48. bxa5+
{[%clk 1:57:11]} Rxa5 {[%clk 1:39:19]} 49. Re7 {[%clk 1:57:19]} Rxa4
{[%clk 1:39:30]} 50. e5 {[%clk 1:57:40]} Ra2+ {[%clk 1:39:41]} 51. Kf1
{[%clk 1:58:03]} Ra3 {[%clk 1:39:36]} 52. Kg2 {[%clk 1:57:37]} Re3
{[%clk 1:39:47]} 53. Re8 {[%clk 1:57:49]} Kc5 {[%clk 1:39:40]} 54. e6
{[%clk 1:57:58]} Kd6 {[%clk 1:40:01]} 55. Rd8+ {[%clk 1:58:19]} Kc7
{[%clk 1:39:17]} 56. Rd7+ {[%clk 1:58:42]} Kc8 {[%clk 1:38:57]} 57. Re7
{[%clk 1:58:51]} b5 {[%clk 1:39:03]} 58. Re8+ {[%clk 1:58:57]} Kc7
{[%clk 1:39:23]} 59. Kf1 {[%clk 1:58:48]} b4 {[%clk 1:39:32]} 60. e7
{[%clk 1:59:08]} Kd7 {[%clk 1:39:14]} 61. Rb8 {[%clk 1:59:29]} c5
{[%clk 1:37:11]} 62. Rb7+ {[%clk 1:59:54]} Ke8 {[%clk 1:37:21]} 63. Rc7
{[%clk 2:00:08]} Re5 {[%clk 1:37:23]} 64. Kg2 {[%clk 1:59:51]} b3
{[%clk 1:37:40]} 65. Kf1 {[%clk 2:00:09]} Ng5 {[%clk 1:37:35]} 66. Rb7
{[%clk 2:00:24]} c4 {[%clk 1:37:50]} 67. Rb4 {[%clk 2:00:44]} 0-1

[Event "Wolrd Chess Olympiad 2018"]
[Site "Batumi"]
[Date "2018.10.04"]
[Round "10"]
[Board "1"]
[WhiteFideId "8800081"]
[White "Black Richard"]
[BlackFideId "19900023"]
[Black "Aw Ousmane"]
[Result "1-0"]
[LiveChessVersion "1.4.8"]
[BlackElo "1880"]
[WhiteElo "2218"]

1. e4 {[%clk 1:30:58]} e5 {[%clk 1:30:54]} 2. f4 {[%clk 1:31:23]} d5
{[%clk 1:31:19]} 3. exd5 {[%clk 1:31:48]} e4 {[%clk 1:31:40]} 4. d3
{[%clk 1:32:17]} exd3 {[%clk 1:31:11]} 5. Bxd3 {[%clk 1:25:44]} Qxd5
{[%clk 1:31:10]} 6. Qe2+ {[%clk 1:22:05]} Be7 {[%clk 1:28:56]} 7. Nc3
{[%clk 1:21:54]} Qa5 {[%clk 1:27:46]} 8. Bd2 {[%clk 1:20:31]} c6 {[%clk 1:19:57]}
9. Nf3 {[%clk 1:15:04]} Qc7 {[%clk 1:16:19]} 10. O-O-O {[%clk 1:09:13]} Nd7
{[%clk 1:12:47]} 11. g4 {[%clk 0:59:53]} Nc5 {[%clk 1:09:31]} 12. Bc4
{[%clk 0:58:24]} Be6 {[%clk 1:09:12]} 13. f5 {[%clk 0:52:23]} Bxc4
{[%clk 1:03:53]} 14. Qxc4 {[%clk 0:52:47]} O-O-O {[%clk 1:04:06]} 15. Bf4
{[%clk 0:44:11]} Qb6 {[%clk 0:57:03]} 16. Rxd8+ {[%clk 0:39:53]} Qxd8
{[%clk 0:53:34]} 17. Rd1 {[%clk 0:35:52]} Qf8 {[%clk 0:49:47]} 18. Ne5
{[%clk 0:22:32]} Nh6 {[%clk 0:47:14]} 19. b4 {[%clk 0:21:15]} Na6
{[%clk 0:34:57]} 20. Nxc6 {[%clk 0:20:27]} b6 {[%clk 0:29:56]} 21. Qxa6#
{[%clk 0:20:36]} 1-0

[Event "Wolrd Chess Olympiad 2018"]
[Site "Batumi"]
[Date "2018.10.04"]
[Round "10"]
[Board "2"]
[WhiteFideId "19900058"]
[White "Gueye Elhadji Gorgui"]
[BlackFideId "8800871"]
[Black "Gontcharov Serguei"]
[Result "1/2-1/2"]
[LiveChessVersion "1.4.8"]
[BlackElo "1875"]
[WhiteElo "2026"]

1. d4 {[%clk 1:30:58]} Nf6 {[%clk 1:30:56]} 2. c4 {[%clk 1:31:20]} c5
{[%clk 1:31:22]} 3. Nf3 {[%clk 1:31:45]} cxd4 {[%clk 1:31:37]} 4. Nxd4
{[%clk 1:32:08]} Nc6 {[%clk 1:31:22]} 5. Nc3 {[%clk 1:32:00]} e6 {[%clk 1:27:38]}
6. a3 {[%clk 1:28:07]} Bc5 {[%clk 1:24:12]} 7. e3 {[%clk 1:28:13]} O-O
{[%clk 1:24:19]} 8. Be2 {[%clk 1:28:18]} d5 {[%clk 1:24:07]} 9. Nxc6
{[%clk 1:26:30]} bxc6 {[%clk 1:24:26]} 10. O-O {[%clk 1:26:35]} a5
{[%clk 1:24:15]} 11. Qc2 {[%clk 1:22:49]} Bd6 {[%clk 1:21:34]} 12. g3
{[%clk 1:19:32]} e5 {[%clk 1:20:58]} 13. Rd1 {[%clk 1:17:17]} Be6
{[%clk 1:13:43]} 14. b3 {[%clk 1:05:21]} Re8 {[%clk 1:13:18]} 15. cxd5
{[%clk 0:57:48]} cxd5 {[%clk 1:13:30]} 16. Nb5 {[%clk 0:56:48]} Rc8
{[%clk 1:12:42]} 17. Qb2 {[%clk 0:55:40]} Bb8 {[%clk 1:07:02]} 18. Bd2
{[%clk 0:52:41]} Bg4 {[%clk 1:05:48]} 19. f3 {[%clk 0:47:23]} Bf5
{[%clk 1:03:28]} 20. Rac1 {[%clk 0:44:53]} Qb6 {[%clk 0:51:28]} 21. Kg2
{[%clk 0:40:10]} e4 {[%clk 0:50:11]} 22. f4 {[%clk 0:30:57]} Bg4 {[%clk 0:48:09]}
23. Nd4 {[%clk 0:30:24]} Bxe2 {[%clk 0:46:34]} 24. Nxe2 {[%clk 0:30:34]} Ng4
{[%clk 0:44:27]} 25. Nd4 {[%clk 0:30:09]} g6 {[%clk 0:33:58]} 26. Rxc8
{[%clk 0:26:50]} Rxc8 {[%clk 0:34:21]} 27. Rc1 {[%clk 0:27:04]} Rc5
{[%clk 0:18:51]} 28. h3 {[%clk 0:21:50]} Nf6 {[%clk 0:14:30]} 29. Rxc5
{[%clk 0:20:44]} Qxc5 {[%clk 0:14:49]} 30. Qc3 {[%clk 0:21:02]} Bd6
{[%clk 0:13:54]} 31. b4 {[%clk 0:19:17]} 1/2-1/2